TESTE DE IMAGEM FAZENDA - Statistics

Estatísticas Gerais
  • Esse quiz foi jogado 24 vezes
  • A pontuação média é 15 de 20
Estatísticas das Respostas
Imagem Resposta % Correto
OVELHA
100%
PORCO
100%
GALINHA
95%
GALO
95%
PATO
95%
VACA
95%
CABRA
90%
PINTINHO
90%
TOURO
90%
PERU
86%
BUFALO
81%
BURRO
81%
CAMELO
81%
CAVALO
81%
GANSO
81%
BOI
52%
ILHAMA
24%
EMU
19%
ZEBU
14%
IAQUE
10%
Nenhum quiz correspondente encontrado
Distribuição das Pontuações
Porcentagem de Pessoas com Cada Pontuação
Percentil de Números Respondidos
Sua Pontuação Histórica
Você não jogou esse quiz